000 00654nam a22002417a 4500
003 UA-OsUOA
001 70528
007 ta
008 20100906b un ||||| |||| 00| 0 ukr d
100 _aРоллан Ромен
090 _a821.161.1
_bР67
942 _cBK
040 _aUA-OsUOA
_brus
_cUA-OsUOA
_dUA-OsUOA
245 _aЖизнь Рамакришны. Жизнь Вивекананды
300 _a349 с.
955 _a3
041 _arus
080 _a821.161.1
020 _a5-319-00782-5
260 _aК.
_bУкраїна
_c1991
650 7 _a82 Література. Літературознавство
_2UDC
999 _c356798
_d356798